| 000 | 02367cam a22002054a 4500 | ||
|---|---|---|---|
| 005 | 20250605164123.0 | ||
| 008 | 250528s ||||||||||||||||||||||||d | ||
| 035 | _a18361 | ||
| 020 | _a9607530861 | ||
| 040 |
_aGR-AtMCL _bgre _dGR-AtMCL _eAACR2 |
||
| 245 | 1 | _aΠρακτικές Οδηγίες για Σωστό και Οικονομικό Κτίσιμο Κατοικίας / 2η Έκδοση | |
| 250 | _a2η | ||
| 260 |
_bΠαπασωτηρίου, _c2008 |
||
| 300 | _a504 | ||
| 520 | _aΜε το βιβλίο αυτό γίνεται προσπάθεια να δοθούν πρακτικές οδηγίες σε όλους όσοι επιθυμούν είτε να κτίσουν ένα σπίτι είτε να αγοράσουν ένα διαμέρισμα σε ένα πολυώροφο κτίριο, όταν βέβαια αυτό βρίσκεται στο στάδιο κατασκευής του. Γενικά Στοιχεία για το Κόστος Κατασκευής, Απαράιτητες Προυποθέσεις για την Έναρξη Κατασκευής ενός Οικοδομήματος, Προγραμματισμός Οικοδομικών Εργασιών και Κοστολόγηση με Τιμή Μονάδας, Παράθυρα και Εξωστόθυσες, Πόρτες, Ντουλάπες και Ερμάρια, Υαλοπίνακες (Τζάμια), Διάφορες άλλες Οικοδομικές Εργασίες (Πλην Χρωματισμών), Χρωματισμοί (Βαφές), Ηλεκτρομηχανολογικές Εγκαταστάσεις Κατοικιών, Άδρευσης (Κρύο και Ζεστό Νερό), Παραγωγή και Διανομή Ζεστού Νερού στα Κτίρια Κατοικιών, Αποχετεύσεις Κτιρίων, Θέρμανση Κατοικιών, Θέρμανση με Φυσικό Αέριο, Κλιματισμός (Τοπικές Μονάδες), Ηλεκτρικές Εγκαταστάσεις Κτιρίων, Φωτισμός και Φωτιστικά Σώματα, Εγκαταστάσεις Ασθενών Ρευμάτων, Ανελκυστήρες Μεταφοράς Προσώπων σε Κτίρια Κατοικιών. | ||
| 700 | 1 |
_aΠαπαχαραλάμπους Νίκος Γ _94636 |
|
| 942 | _cBK | ||
| 999 |
_c3723 _d3723 |
||